Các bài toán cực trị dạng Karamata trong lớp hàm khả vi

Đề tài "Các bài toán cực trị dạng Karamata trong lớp hàm khả vi" được nghiên cứu với mục đích hệ thống hóa lại các kiến thức về bất đẳng thức Karamata và các bài toán cực trị Karamata trong lớp hàm khả vi

Bewaard in:
Bibliografische gegevens
Hoofdauteur: Huỳnh Thị Thanh Diệu
Andere auteurs: Nguyễn Văn Mậu GS.TSKH (Hướng dẫn)
Formaat: Boek
Taal:Vietnamese
Gepubliceerd in: Đà Nẵng Đại học Đà Nẵng 2015
Onderwerpen:
Tags: Voeg label toe
Geen labels, Wees de eerste die dit record labelt!
Thư viện lưu trữ: Mạng thư viện Đại học Đà Nẵng
LEADER 01687nam a2200349 4500
001 000020192
003 16637
005 20150317100311.0
008 150306s2015 viesd
041 |a vie 
082 1 4 |a 515.3  |b HU-N 
100 1 |a Huỳnh Thị Thanh Diệu 
245 1 4 |a Các bài toán cực trị dạng Karamata trong lớp hàm khả vi  |c Huỳnh Thị Thanh Diệu ; Nguyễn Văn Mậu hướng dẫn.  |k Luận văn Thạc sĩ 
260 |a Đà Nẵng  |b Đại học Đà Nẵng  |c 2015 
300 |a 61 tr., phụ lục 3 tr.  |c 29 cm.  |e Tóm tắt 
500 |a Luận văn thạc sĩ Khoa học. Chuyên ngành: Phương pháp toán sơ cấp. Mã số: 60.46.40. 
520 3 |a Đề tài "Các bài toán cực trị dạng Karamata trong lớp hàm khả vi" được nghiên cứu với mục đích hệ thống hóa lại các kiến thức về bất đẳng thức Karamata và các bài toán cực trị Karamata trong lớp hàm khả vi 
650 0 4 |a Hàm khả vi  |v Luận văn tốt nghiệp  |x Toán cực trị 
653 |a Phương pháp toán sơ cấp 
653 |a Hàm khả vi 
653 |a Toán cực trị 
700 1 |a Nguyễn Văn Mậu  |c GS.TSKH  |e Hướng dẫn 
OWN |a LSP 
AVA |a UDN50  |b LSP  |d 515.3 HU-N  |e available  |t Error 5001 Not defined in file expand_doc_bib_avail.  |f 1  |g 0  |h N  |i 0  |k 1 
999 |a From the UDN01 
AVA |a UDN50  |b LSP  |d 515.3 HU-N  |e available  |t Error 5001 Not defined in file expand_doc_bib_avail.  |f 1  |g 0  |h N  |i 0  |k 1 
TYP |a Monograph 
TYP |a Printed language 
980 |a Mạng thư viện Đại học Đà Nẵng